LEADER 01564nam 2200397 n 450 001 996389529503316 005 20200824121603.0 035 $a(CKB)1000000000643540 035 $a(EEBO)2240907661 035 $a(UnM)99838941e 035 $a(UnM)99838941 035 $a(EXLCZ)991000000000643540 100 $a19901120d1620 uy | 101 0 $aeng 135 $aurbn||||a|bb| 200 02$aA discourse of Christian watchfulnesse$b[electronic resource] $ePreparing how to liue, how to die, and to be discharged at the day of iudgement, and so enioy life eternall. By Iohn Rogers minister to the Church of Chacombe in Northampton-shiere 210 $aLondon $cPrinted by William Iones, dwelling in Red-crosse streete neere Saint Giles Church$d1620 215 $a[20], 369 [i.e. 357], [1] p 300 $aPages 30, 109, 141, 143, 234-35, 238-39 and 369 misnumbered 32, 119, 241, 221, 230-31, 234-35 and 357. 300 $aRunning title reads: The Christians watchfulnesse. 300 $aSome print show-through; signature A torn, print missing. 300 $aReproduction of original in the Bodleian Library. 330 $aeebo-0014 606 $aChristian life$vEarly works to 1800 606 $aDeath$vEarly works to 1800 615 0$aChristian life 615 0$aDeath 700 $aRogers$b John$cof Chacombe.$0408693 801 0$bCu-RivES 801 1$bCu-RivES 801 2$bCStRLIN 801 2$bWaOLN 906 $aBOOK 912 $a996389529503316 996 $aA discourse of Christian watchfulnesse$92371316 997 $aUNISA LEADER 03668nam 22008055 450 001 9910640387103321 005 20251225203645.0 010 $a9783031224195 010 $a3031224191 024 7 $a10.1007/978-3-031-22419-5 035 $a(MiAaPQ)EBC7168716 035 $a(Au-PeEL)EBL7168716 035 $a(DE-He213)978-3-031-22419-5 035 $a(PPN)267806868 035 $a(CKB)25945660900041 035 $a(EXLCZ)9925945660900041 100 $a20230103d2022 u| 0 101 0 $aeng 135 $aurcnu|||||||| 181 $ctxt$2rdacontent 182 $cc$2rdamedia 183 $acr$2rdacarrier 200 10$aAdvances in Artificial Intelligence ? IBERAMIA 2022 $e17th Ibero-American Conference on AI, Cartagena de Indias, Colombia, November 23?25, 2022, Proceedings /$fedited by Ana Cristina Bicharra Garcia, Mariza Ferro, Julio Cesar Rodríguez Ribón 205 $a1st ed. 2022. 210 1$aCham :$cSpringer International Publishing :$cImprint: Springer,$d2022. 215 $a1 online resource (422 pages) 225 1 $aLecture Notes in Artificial Intelligence,$x2945-9141 ;$v13788 300 $aIncludes index. 311 08$aPrint version: Bicharra Garcia, Ana Cristina Advances in Artificial Intelligence - IBERAMIA 2022 Cham : Springer International Publishing AG,c2023 9783031224188 327 $aApplications of AI -- Ethics and Smart City -- Green and Sustainable AI -- Machine Learning -- Natural Language Processing -- Robotics and Computer Vision -- Simulation and Forecasting. 330 $aThis book constitutes the refereed proceedings of the 17th Ibero-American Conference on Artificial Intelligence, IBERAMIA 2022, held in Cartagena de Indias, Colombia, in November 2022. The 33 full and 4 short papers presented were carefully reviewed and selected from 67 submissions. The papers are organized in the following topical sections: applications of AI; ethics and smart city; green and sustainable AI; machine learning; natural language processing; robotics and computer vision; simulation and forecasting. 410 0$aLecture Notes in Artificial Intelligence,$x2945-9141 ;$v13788 606 $aArtificial intelligence 606 $aComputer science$xMathematics 606 $aMathematical statistics 606 $aComputer vision 606 $aComputer networks 606 $aSocial sciences$xData processing 606 $aDatabase management 606 $aArtificial Intelligence 606 $aProbability and Statistics in Computer Science 606 $aComputer Vision 606 $aComputer Communication Networks 606 $aComputer Application in Social and Behavioral Sciences 606 $aDatabase Management 615 0$aArtificial intelligence. 615 0$aComputer science$xMathematics. 615 0$aMathematical statistics. 615 0$aComputer vision. 615 0$aComputer networks. 615 0$aSocial sciences$xData processing. 615 0$aDatabase management. 615 14$aArtificial Intelligence. 615 24$aProbability and Statistics in Computer Science. 615 24$aComputer Vision. 615 24$aComputer Communication Networks. 615 24$aComputer Application in Social and Behavioral Sciences. 615 24$aDatabase Management. 676 $a016.403 676 $a006.3 702 $aBicharra Garcia$b Ana Cristina 702 $aFerro$b Mariza 702 $aRodri?guez Ribo?n$b Julio Ce?sar 801 0$bMiAaPQ 801 1$bMiAaPQ 801 2$bMiAaPQ 906 $aBOOK 912 $a9910640387103321 996 $aAdvances in Artificial Intelligence - IBERAMIA 2022$93364352 997 $aUNINA